Fundamentos modernos de bioquímica (Registro nro. 32414)
[ vista simple ]
| 000 -LEADER | |
|---|---|
| campo de control de longitud fija | 00758nam a2200205 i 4500 |
| 001 - NÚMERO DE CONTROL | |
| campo de control | 32414 |
| 003 - IDENTIFICADOR DE NÚMERO DE CONTROL | |
| campo de control | ES-MaACL |
| 005 - FECHA Y HORA DE LA ÚLTIMA TRANSACCIÓN | |
| campo de control | 20230906154553.0 |
| 007 - CAMPO FIJO DE DESCRIPCIÓN FÍSICA--INFORMACIÓN GENERAL | |
| campo de control de longitud fija | t| |
| 008 - DATOS DE LONGITUD FIJA--INFORMACIÓN GENERAL | |
| campo de control de longitud fija | 030131s1967 sp ||||1| spa d |
| 100 1# - ENTRADA PRINCIPAL--NOMBRE DE PERSONA | |
| Nombre de persona | Bennett, Thomas Peter. |
| 9 (RLIN) | 27740 |
| 245 10 - MENCIÓN DEL TÍTULO | |
| Título | Fundamentos modernos de bioquímica |
| Resto del título | : estructura y función de las moléculas biológicas / |
| Mención de responsabilidad, etc. | Thomas Peter Bennett, Earl Frieden ; versión pilar Carbonero Zalduegui, Francisco García Olmedo. |
| 250 ## - MENCION DE EDICION | |
| Mención de edición | 1ª ed. |
| 260 ## - PUBLICACIÓN, DISTRIBUCIÓN, ETC. | |
| Lugar de publicación, distribución, etc. | Madrid : |
| Nombre del editor, distribuidor, etc. | Ciencia y técnica, |
| Fecha de publicación, distribución, etc. | [1967] |
| 300 ## - DESCRIPCIÓN FÍSICA | |
| Extensión | VI, 250 p., 2 lám. ; |
| Dimensiones | 24 cm. |
| 700 1# - ENTRADA AGREGADA--NOMBRE PERSONAL | |
| Nombre de persona | Frieden, Earl. |
| 9 (RLIN) | 52620 |
| 700 1# - ENTRADA AGREGADA--NOMBRE PERSONAL | |
| Nombre de persona | Carbonero Zalduegui, Pilar. |
| 9 (RLIN) | 35084 |
| 700 1# - ENTRADA AGREGADA--NOMBRE PERSONAL | |
| Nombre de persona | García Olmedo, Francisco. |
| 9 (RLIN) | 55047 |
| 852 ## - LOCALIZACIÓN | |
| Ubicación | ES-MaACL |
| Número de control de estantería | C-33964 |
| Sublocalización o colección | R.64689 |
| Estatus retirado | Estado de pérdida | Estado de daño | No para préstamo | Biblioteca de origen | Biblioteca actual | Ubicación en estantería | Fecha de adquisición | Fuente de adquisición | Total de préstamos | Signatura topográfica completa | Código de barras | Visto por última vez | Precio de reemplazo | Tipo de ítem Koha |
|---|---|---|---|---|---|---|---|---|---|---|---|---|---|---|
| Biblioteca del Ateneo de Madrid | Biblioteca del Ateneo de Madrid | Depósito 2 | 17/01/2008 | C-33964 | 1033577 | 23/02/2023 | 23/02/2023 | Libro impreso |
